| 000 | 01577nam a2200373 a 4500 | ||
|---|---|---|---|
| 001 | 00261 | ||
| 003 | DO-SdBNP | ||
| 005 | 20180312101531.0 | ||
| 007 | 00261 | ||
| 008 | 100802s2004 dr 2004 000 0 spa d | ||
| 020 | _a9789993498261 (v. 3) | ||
| 020 | _a9788482615271 (v. 3, e. 2) | ||
| 040 |
_aBPMSU _bspa _cBPMSU |
||
| 082 | 0 | 4 |
_a372.6561 _bI37e, 3ro. 2004 |
| 100 | 1 | _aInchástegui, María Isabel | |
| 245 | 1 | 0 |
_aEspañol 3 : _beducación básica / _cMaría Isabel Inchástegui ; dirección editorial Obdulia García de Escobar; ilustración Ruddy Núñez |
| 260 |
_aSanto Domingo : _bSantillana, _c2004. |
||
| 300 |
_a2 v. : _bil., retrs. ; _c28 cm. |
||
| 490 | 1 | _aÁmbar | |
| 500 | _aLa biblioteca posee el libro y la guía | ||
| 505 |
_tConocemos a Rita -- _tJuguemos en el garaje -- _tLa carrera de relevos -- _tCriaderos de mariposas -- _tLlega la navidad -- _tNoticias de la tía Juanita -- _tUn experimento científico -- _tEl viejo telescopio -- _tHojas para un cuaderno -- _tUna planta curiosa -- _tVamos de excursión -- _tUna tarde de junio. |
||
| 650 | 4 |
_aESPAÑOL _xENSEÑANZA BÁSICA |
|
| 650 | 4 |
_aESPAÑOL _xEDUCACIÓN PRIMARIA |
|
| 650 | 4 |
_aESPAÑOL _xLIBROS DE TEXTOS |
|
| 650 | 4 |
_aESPAÑOL _xESTUDIOS Y EJERCICIOS |
|
| 650 | 4 |
_aEDUCACIÓN PRIMARIA _zREPÚBLICA DOMINICANA |
|
| 700 | 1 |
_aGarcía-Cartagena, Manuel _eed. |
|
| 700 | 1 |
_aGarcía de Escobar, Obudulia _eed. |
|
| 830 | 0 | _aÁmbar | |
| 910 | _aValidado. Control de calidad MFF | ||
| 942 |
_2ddc _cBK |
||
| 945 | _ainventariado, 2018 / dg | ||
| 956 |
_aBTAVÁREZ _b10 _c20100802 _lBND02 _h00261 |
||
| 999 |
_c9928 _d9928 |
||